[Event "?"]
[Site "?"]
[Date "2011.06.03"]
[Round "3.28"]
[White "Bräuner, Uwe"]
[Black "Schäfer, Daniela"]
[Result "1-0"]
[WhiteElo "2122"]
[BlackElo "1946"]
[PlyCount "49"]
[EventDate "2011.??.??"]
[WhiteTeam "Erfurter SK"]
[BlackTeam "SF Deizisau"]

1. d4 d6 2. e4 Nf6 3. Nc3 e5 4. Nf3 Nbd7 5. Bc4 Be7 6. g4 Nb6 7. Be2 Nxg4 8.
Rg1 exd4 9. Nxd4 Ne5 10. Rxg7 Ng6 11. Bh6 Bg5 12. Bxg5 Qxg5 13. Ndb5 Kf8 14.
Rxg6 Qxg6 15. Nxc7 Rb8 16. Qd4 Rg8 17. O-O-O Qh6+ 18. Kb1 Bg4 19. f3 Bd7 20. a4
Rc8 21. a5 Rxc7 22. axb6 axb6 23. Qxb6 Rc6 24. Qd8+ Be8 25. Bb5 1-0

[Event "?"]
[Site "?"]
[Date "2011.06.03"]
[Round "3.29"]
[White "Baskin, Robert"]
[Black "Braun, Georg"]
[Result "0-1"]
[WhiteElo "1940"]
[BlackElo "2121"]
[PlyCount "78"]
[EventDate "2011.??.??"]

1. e4 c5 2. Nf3 d6 3. d4 cxd4 4. Nxd4 Nf6 5. Nc3 a6 6. a4 e6 7. Bc4 Be7 8. O-O
Nc6 9. Be3 Qc7 10. Be2 O-O 11. f4 Re8 12. Nb3 b6 13. Bf3 Bb7 14. Kh1 Bf8 15. g4
Nd7 16. g5 Nc5 17. h4 Rad8 18. Nd4 Nxd4 19. Qxd4 e5 20. Qc4 exf4 21. Bxf4 Qc8
22. Kg2 b5 23. axb5 axb5 24. Qd4 d5 25. exd5 b4 26. Nd1 Bxd5 27. Bxd5 Qg4+ 28.
Kh2 Qxh4+ 29. Kg1 Ne6 30. Bxe6 Rxd4 31. Bxf7+ Kh8 32. Bxe8 Rxf4 33. Rxf4 Qxf4
34. Nf2 Qg3+ 35. Kf1 Bc5 36. Nd3 Qg1+ 37. Ke2 Qxa1 38. Nxc5 Qxb2 39. Kd1 Qd4+
0-1

[Event "?"]
[Site "?"]
[Date "2011.06.03"]
[Round "3.30"]
[White "Nicolai, Alexander"]
[Black "Gabriel, Josef"]
[Result "0-1"]
[WhiteElo "1936"]
[BlackElo "2113"]
[PlyCount "65"]
[EventDate "2011.??.??"]
[WhiteTeam "SV 1947 Wendlingen"]
[BlackTeam "Stuttgarter SF 1879"]

1. d4 g6 2. Nf3 Bg7 3. g3 d6 4. Bg2 c6 5. O-O Nf6 6. c4 O-O 7. Nc3 Nbd7 8. Qc2
e5 9. dxe5 dxe5 10. Bg5 h6 11. Bxf6 Qxf6 12. e4 Nc5 13. b4 Ne6 14. Rad1 Re8 15.
Ne2 g5 16. a4 a5 17. b5 Bf8 18. bxc6 bxc6 19. Qc3 Nc5 20. Qc2 Bg4 21. Ne1 Bxe2
22. Qxe2 Nxa4 23. Qc2 Nc5 24. f4 exf4 25. e5 Rxe5 26. Nf3 Re3 27. Nd4 Rb8 28.
Bxc6 Nb3 29. Nxb3 Rbxb3 30. Bd5 Rb2 31. Qc1 Bc5 32. Kh1 Ree2 33. Bxf7+ 0-1

[Event "?"]
[Site "?"]
[Date "2011.06.03"]
[Round "3.31"]
[White "Zeller, Elisa"]
[Black "Keough, Robert"]
[Result "1/2-1/2"]
[WhiteElo "1795"]
[BlackElo "2106"]
[PlyCount "78"]
[EventDate "2011.??.??"]

1. e4 c5 2. Nf3 a6 3. c4 Nc6 4. d4 cxd4 5. Nxd4 Nf6 6. Nc3 d6 7. Be2 g6 8. O-O
Bg7 9. Be3 O-O 10. f3 Qa5 11. Qd2 Nxd4 12. Bxd4 Be6 13. Rac1 Rac8 14. b3 Bd7
15. Rfd1 Qh5 16. Be3 b5 17. cxb5 axb5 18. b4 Ra8 19. h3 Bxh3 20. gxh3 Qxh3 21.
Bxb5 Qxf3 22. Qf2 Qh5 23. Be2 Qh3 24. Qf3 Qd7 25. e5 Nh5 26. exd6 exd6 27. Bb5
Qe7 28. a4 f5 29. Nd5 Qh4 30. Rc4 f4 31. Nxf4 Qg5+ 32. Qg2 Qe7 33. Qd5+ Kh8 34.
Re4 Qf6 35. Nxh5 gxh5 36. Re6 Qh4 37. Re4 Qg3+ 38. Kh1 Qh3+ 39. Kg1 Qg3+
1/2-1/2

[Event "?"]
[Site "?"]
[Date "2011.06.03"]
[Round "3.32"]
[White "Mayer, Christian"]
[Black "Gustain, Marc"]
[Result "0-1"]
[WhiteElo "1851"]
[BlackElo "2101"]
[PlyCount "98"]
[EventDate "2011.??.??"]

1. d4 d5 2. c4 Nc6 3. e3 e5 4. Nf3 Bg4 5. Qb3 Bxf3 6. gxf3 Nf6 7. Bd2 Rb8 8.
cxd5 Qxd5 9. Qxd5 Nxd5 10. dxe5 Nxe5 11. Be2 Nb4 12. Bxb4 Bxb4+ 13. Nd2 Rd8 14.
O-O-O Bxd2+ 15. Rxd2 Rxd2 16. Kxd2 Ke7 17. e4 c5 18. Rc1 b6 19. Ke3 Nc6 20. f4
Rd8 21. h4 g6 22. h5 a5 23. hxg6 hxg6 24. Rh1 Nb4 25. Bc4 Nc2+ 26. Ke2 b5 27.
Bd5 Nb4 28. a4 Nxd5 29. exd5 bxa4 30. Ra1 Rb8 31. Rxa4 Rxb2+ 32. Kd3 Rb3+ 33.
Kd2 Rb5 34. f5 gxf5 35. Rf4 Kf6 36. d6 Ke6 37. d7 Kxd7 38. Rxf5 Ke6 39. Rh5 f5
40. Kc3 Ke5 41. Rh8 Ke4 42. Ra8 Kf3 43. Kc4 Rb1 44. Rxa5 Kxf2 45. Kxc5 f4 46.
Kd4 Re1 47. Kd3 f3 48. Rf5 Re8 49. Kd2 Rd8+ 0-1

[Event "?"]
[Site "?"]
[Date "2011.06.03"]
[Round "3.33"]
[White "Lube, Manfred"]
[Black "Färber, Eric"]
[Result "0-1"]
[WhiteElo "1903"]
[BlackElo "2030"]
[PlyCount "70"]
[EventDate "2011.??.??"]
[WhiteTeam "SGem Vaihingen-Rohr"]
[BlackTeam "SC Leinfelden"]

1. c4 e5 2. Nc3 Nf6 3. g3 d5 4. cxd5 Nxd5 5. Bg2 Nb6 6. d3 Be7 7. Nf3 Nc6 8.
Bd2 O-O 9. a3 Re8 10. O-O Bf8 11. Re1 Bg4 12. h3 Bh5 13. Be3 Qd7 14. Qb1 Rad8
15. Kh2 Nd4 16. Bxd4 exd4 17. Ne4 f5 18. Ned2 Bf7 19. Ng5 Bd5 20. Bxd5+ Nxd5
21. Qa2 Kh8 22. Rac1 c5 23. Ngf3 Re6 24. Nf1 Rde8 25. b4 Nc3 26. Rxc3 dxc3 27.
Ne3 Rxe3 28. fxe3 Rxe3 29. bxc5 Bxc5 30. Qc4 Qe7 31. Ng1 Qe5 32. Qh4 Be7 33.
Qf4 Qxf4 34. gxf4 Bxa3 35. Ra1 c2 0-1

[Event "?"]
[Site "?"]
[Date "2011.06.03"]
[Round "3.34"]
[White "Gentner, Markus"]
[Black "Grünert, Thomas"]
[Result "1-0"]
[WhiteElo "2023"]
[BlackElo "1914"]
[PlyCount "76"]
[EventDate "2011.??.??"]

1. Nf3 d5 2. d4 Nf6 3. e3 e6 4. Bd3 c5 5. c3 b6 6. Nbd2 Bb7 7. Ne5 a6 8. O-O
Nbd7 9. f4 g6 10. Ndf3 h6 11. Bd2 Ne4 12. Nxd7 Nxd2 13. Qxd2 Qxd7 14. Ne5 Qc7
15. Qc2 Rg8 16. b3 b5 17. Rfd1 cxd4 18. exd4 Bd6 19. Rac1 g5 20. f5 Bxe5 21.
dxe5 Qxe5 22. Re1 Qf6 23. fxe6 fxe6 24. Rf1 Qg7 25. Qe2 Kd7 26. Qe3 Rac8 27.
Qb6 Bc6 28. Rfe1 Rgf8 29. Be2 g4 30. Qe3 Rf6 31. c4 g3 32. h3 Rf2 33. Bf3 Qf6
34. cxd5 Bxd5 35. Bxd5 exd5 36. Rxc8 Kxc8 37. Qe8+ Kb7 38. Re7+ Kb6 1-0

[Event "?"]
[Site "?"]
[Date "2011.06.03"]
[Round "3.35"]
[White "Gibicar, Danijel"]
[Black "Schmidt, Markus"]
[Result "1-0"]
[WhiteElo "2037"]
[BlackElo "1816"]
[PlyCount "77"]
[EventDate "2011.??.??"]

1. d4 Nf6 2. c4 g6 3. Nc3 Bg7 4. e4 d6 5. f3 O-O 6. Be3 e5 7. Nge2 Nc6 8. Qd2
Nh5 9. d5 Ne7 10. g4 Nf4 11. O-O-O g5 12. h4 h6 13. hxg5 hxg5 14. Ng3 f6 15.
Nf5 Nxf5 16. gxf5 Kf7 17. c5 a6 18. cxd6 cxd6 19. Bc4 Bd7 20. Kb1 b5 21. Bb3 a5
22. Ne2 Ng2 23. Bf2 Rh8 24. Rdg1 Nf4 25. Nxf4 exf4 26. Bd4 b4 27. Bc4 Qc7 28.
b3 Rag8 29. Rxh8 Rxh8 30. Qg2 Qd8 31. Rh1 Qb8 32. Rh2 Ke7 33. Qh1 Rf8 34. Rh7
Rf7 35. Qh5 Qd8 36. Bxf6+ Kxf6 37. Qg6+ Ke7 38. Rxg7 Be8 39. f6+ 1-0

[Event "?"]
[Site "?"]
[Date "2011.06.03"]
[Round "3.36"]
[White "Mendzigall, Martin"]
[Black "Hoeschele, Hans-Ulrich"]
[Result "1/2-1/2"]
[WhiteElo "1928"]
[BlackElo "2146"]
[PlyCount "55"]
[EventDate "2011.??.??"]
[WhiteTeam "SC Mühlacker 1923 e.V."]
[BlackTeam "Stuttgarter SF 1879"]

1. e4 Nf6 2. e5 Nd5 3. d4 d6 4. exd6 cxd6 5. c4 Nf6 6. Nc3 g6 7. Nf3 Bg7 8. Be2
O-O 9. O-O b6 10. Be3 Nbd7 11. Qa4 Bb7 12. Rfd1 Qc8 13. Rac1 Bc6 14. Qa3 Ng4
15. Bg5 Re8 16. h3 Ngf6 17. Be3 Bf8 18. b4 a5 19. d5 Bb7 20. Qb3 Ba6 21. a3 Qb8
22. Nd4 axb4 23. Nc6 Qc7 24. axb4 Bb7 25. Nb5 Qc8 26. Nba7 Qc7 27. Nb5 Qc8 28.
Nba7 1/2-1/2

[Event "?"]
[Site "?"]
[Date "2011.06.03"]
[Round "3.37"]
[White "Giricz, Thomas"]
[Black "Marquardt, Patrick"]
[Result "1/2-1/2"]
[WhiteElo "1840"]
[BlackElo "2031"]
[PlyCount "46"]
[EventDate "2011.??.??"]
[WhiteTeam "VfL Sindelfingen"]
[BlackTeam "SG Donautal Tuttlingen"]

1. e4 c5 2. Nf3 a6 3. d4 cxd4 4. Nxd4 Nf6 5. Nc3 e5 6. Nb3 Bb4 7. Qd3 O-O 8.
Bd2 d6 9. a3 Bxc3 10. Bxc3 Qc7 11. O-O-O Rd8 12. Bxe5 Nxe4 13. Qxe4 dxe5 14.
Rxd8+ Qxd8 15. Qxe5 Nc6 16. Qe3 Bf5 17. Be2 Qc7 18. Bd3 Bxd3 19. Qxd3 Rc8 20.
g3 h6 21. Rd1 Ne5 22. Qe4 Nc4 23. Rd4 b5 1/2-1/2

[Event "?"]
[Site "?"]
[Date "2011.06.03"]
[Round "3.38"]
[White "Mock, Oskar"]
[Black "Töws, Manuel"]
[Result "1/2-1/2"]
[WhiteElo "1993"]
[BlackElo "1938"]
[PlyCount "81"]
[EventDate "2011.??.??"]

1. d4 Nf6 2. Nf3 e6 3. c4 d5 4. a3 c6 5. e3 Nbd7 6. Nc3 Bd6 7. Bd3 O-O 8. O-O
dxc4 9. Bxc4 b5 10. Ba2 a6 11. e4 e5 12. Re1 Re8 13. d5 cxd5 14. Nxd5 Bb7 15.
Ng5 Rf8 16. Nc3 Bc5 17. Qf3 h6 18. Nh3 Bd4 19. Bd2 Nc5 20. Rad1 Qe7 21. Nd5
Nxd5 22. exd5 Qd6 23. b4 Nd7 24. Be3 Bxe3 25. fxe3 f5 26. e4 fxe4 27. Qxe4 Rae8
28. Rf1 Rxf1+ 29. Rxf1 Rf8 30. Rd1 Kh8 31. Qe3 Nf6 32. Qc5 Rd8 33. Nf2 Bxd5 34.
Ne4 Nxe4 35. Qxd6 Rxd6 36. Rxd5 Rxd5 37. Bxd5 Nc3 38. Bb7 Nb1 39. Bxa6 Nxa3 40.
Kf2 Kg8 41. Ke3 1/2-1/2

[Event "?"]
[Site "?"]
[Date "2011.06.03"]
[Round "3.39"]
[White "Boyard, Marie"]
[Black "Reder, Erik"]
[Result "1-0"]
[WhiteElo "1989"]
[BlackElo "1920"]
[PlyCount "103"]
[EventDate "2011.??.??"]
[BlackTeam "SK e4 Gerlingen"]

1. e4 c5 2. Nf3 Nc6 3. Bb5 a6 4. Bxc6 bxc6 5. O-O d6 6. h3 e5 7. Re1 Nf6 8. c3
Bb7 9. d4 cxd4 10. cxd4 Qc7 11. Nc3 Be7 12. dxe5 dxe5 13. Qb3 O-O 14. Nxe5 Rab8
15. Nd3 Rbd8 16. Bf4 Qc8 17. Ne5 Nd7 18. Rad1 Nxe5 19. Bxe5 Qa8 20. Na4 Bc8 21.
Nb6 Qb7 22. Nxc8 Qxc8 23. Qc3 f6 24. Qc4+ Kh8 25. Bc3 Qb7 26. a3 Qb5 27. Qe6
Bc5 28. Rxd8 Rxd8 29. Bxf6 Bxf2+ 30. Kxf2 Rf8 31. Kg1 Qc5+ 32. Kh1 Rxf6 33.
Qc8+ Rf8 34. Qxa6 h6 35. e5 Rf2 36. Qc8+ Kh7 37. Qg4 Rxb2 38. Qf5+ Kg8 39. Qe6+
Kh7 40. Qf5+ Kg8 41. Rd1 Rb8 42. Qe6+ Kh7 43. Qd6 Qxd6 44. exd6 Rd8 45. d7 Kg6
46. Kg1 Kf5 47. Kf2 Ke5 48. a4 Ke6 49. Ke3 c5 50. a5 c4 51. a6 c3 52. Rd3 1-0

[Event "?"]
[Site "?"]
[Date "2011.06.03"]
[Round "3.40"]
[White "Meinecke, Klaus-Hinrich"]
[Black "Steinhart, Christoph"]
[Result "0-1"]
[WhiteElo "1806"]
[BlackElo "1979"]
[PlyCount "116"]
[EventDate "2011.??.??"]

1. e4 e6 2. d4 d5 3. Nc3 Nf6 4. e5 Nfd7 5. Nf3 c5 6. Be2 cxd4 7. Qxd4 Nc6 8.
Qf4 a6 9. Be3 Qc7 10. Bd4 f6 11. Qg4 Ndxe5 12. Bxe5 Nxe5 13. Nxe5 Qxe5 14. O-O
f5 15. Qa4+ Bd7 16. Bb5 Rd8 17. Bxd7+ Rxd7 18. Rfe1 Qd6 19. Rad1 Be7 20. Ne2 b5
21. Qf4 Qb6 22. Nd4 Rd6 23. c3 O-O 24. h4 Bf6 25. Re3 g6 26. Nf3 Qd8 27. g3 b4
28. Ne5 bxc3 29. bxc3 g5 30. hxg5 Bxg5 31. Qd4 Bxe3 32. Qxe3 Kh8 33. f4 Qb6 34.
Qxb6 Rxb6 35. Nd7 Rfb8 36. Nxb8 Rxb8 37. Rd2 Rc8 38. Rd3 Rc4 39. Kf2 Ra4 40.
Rd2 Ra3 41. Rc2 Kg7 42. Ke3 Kf6 43. Kd3 e5 44. fxe5+ Kxe5 45. Re2+ Kd6 46. Rf2
Ke5 47. Re2+ Kf6 48. Rf2 Kg5 49. Kd4 h5 50. Ke5 Rxc3 51. Rxf5+ Kg4 52. Rf6 Kxg3
53. Rxa6 h4 54. Kxd5 h3 55. Rg6+ Kf2 56. Rh6 Kg2 57. Kd4 Ra3 58. Ke4 h2 0-1

[Event "?"]
[Site "?"]
[Date "2011.06.03"]
[Round "3.41"]
[White "Probst, Alexander"]
[Black "Enders, Philipp"]
[Result "1-0"]
[WhiteElo "1971"]
[BlackElo "1794"]
[PlyCount "66"]
[EventDate "2011.??.??"]

1. e4 c5 2. Nf3 a6 3. g3 e6 4. Bg2 Nc6 5. O-O Nf6 6. Nc3 d6 7. d4 cxd4 8. Nxd4
e5 9. Nb3 Be7 10. Bg5 Be6 11. Nd5 Bxd5 12. exd5 Nxd5 13. Qxd5 Bxg5 14. Rad1 Be7
15. c3 O-O 16. Rfe1 Kh8 17. Nd2 f5 18. Nc4 Rf6 19. a4 Qg8 20. Nb6 Re8 21. b4
Bd8 22. Qxg8+ Kxg8 23. Bd5+ Kh8 24. Nc4 Bc7 25. b5 Nd8 26. b6 Bb8 27. Na5 Re7
28. Rd4 Rf8 29. Rc4 Nc6 30. Nxb7 Rxb7 31. Rxc6 a5 32. Rb1 g5 33. Rb5 Kg7 1-0

[Event "?"]
[Site "?"]
[Date "2011.06.03"]
[Round "3.42"]
[White "Fischer, Gerd"]
[Black "Altimira, Jordi"]
[Result "1/2-1/2"]
[WhiteElo "1950"]
[BlackElo "1805"]
[PlyCount "64"]
[EventDate "2011.??.??"]

1. d4 Nf6 2. Nf3 d5 3. Bf4 e6 4. e3 Bd7 5. Be2 c5 6. c3 cxd4 7. exd4 Qb6 8. Qb3
Qxb3 9. axb3 Be7 10. Bxb8 Rxb8 11. Rxa7 O-O 12. O-O Rfc8 13. Nbd2 Bd8 14. Rfa1
Be8 15. b4 b5 16. Ne5 Bb6 17. R7a6 Bd8 18. Nb3 Bb6 19. Nc5 g6 20. g3 h5 21. h3
Kg7 22. Bd3 Kh6 23. Kg2 Kg7 24. g4 hxg4 25. hxg4 Bxc5 26. bxc5 b4 27. Ra7 bxc3
28. bxc3 Ne4 29. f3 Rb2+ 30. Kg1 Nxc3 31. Nxg6 Bb5 32. Ne5 Bxd3 1/2-1/2

[Event "?"]
[Site "?"]
[Date "2011.06.03"]
[Round "3.43"]
[White "Müller, Kai-Markus"]
[Black "Osmanovic, Faruk"]
[Result "1/2-1/2"]
[WhiteElo "1901"]
[BlackElo "2093"]
[PlyCount "104"]
[EventDate "2011.??.??"]

1. d4 Nf6 2. c4 e6 3. Nf3 b6 4. e3 c5 5. Nc3 cxd4 6. exd4 Be7 7. Be2 d5 8. O-O
dxc4 9. Bxc4 Nc6 10. d5 exd5 11. Nxd5 Nxd5 12. Bxd5 Bd7 13. Bf4 O-O 14. Ne5
Nxe5 15. Bxa8 Ng6 16. Bd6 Bxd6 17. Qxd6 Bb5 18. Qxd8 Rxd8 19. Bf3 Bxf1 20. Kxf1
Ne5 21. Rd1 Rxd1+ 22. Bxd1 Kf8 23. Ke2 Ke7 24. Bb3 g5 25. h3 f5 26. Ke3 h6 27.
f4 Nc6 28. a3 Kd6 29. Bc2 Ne7 30. Bb3 Nd5+ 31. Bxd5 Kxd5 32. b3 a6 33. fxg5
hxg5 34. g3 Ke5 35. h4 Kf6 36. Kd4 Kg6 37. Ke5 f4 38. h5+ Kxh5 39. gxf4 g4 40.
f5 g3 41. f6 g2 42. f7 g1=Q 43. f8=Q Qe3+ 44. Kd5 Qxb3+ 45. Kc6 Qb5+ 46. Kb7
Qa5 47. Qf3+ Kg5 48. Qe3+ Kh4 49. Qe4+ Kg5 50. Qe3+ Kh4 51. Qe7+ Kg3 52. Qd6+
Kh4 1/2-1/2

[Event "?"]
[Site "?"]
[Date "2011.06.03"]
[Round "3.44"]
[White "Braun, Rüdiger-Thomas"]
[Black "Rautenberg, Uwe"]
[Result "1-0"]
[WhiteElo "2030"]
[BlackElo "1941"]
[PlyCount "73"]
[EventDate "2011.??.??"]

1. e4 Nc6 2. d4 d5 3. e5 f6 4. Bd3 Be6 5. c3 fxe5 6. dxe5 Nxe5 7. Qh5+ Nf7 8.
Nf3 Nf6 9. Qh4 g6 10. O-O Bg7 11. Nd4 Bd7 12. f4 c5 13. Nf3 Nd6 14. Ne5 Bf5 15.
Be2 h5 16. Nd2 Nfe4 17. Nxe4 Bxe4 18. Qg3 h4 19. Qf2 b6 20. Bg4 Bxe5 21. fxe5
Nf5 22. Bg5 Qc7 23. Qf4 O-O 24. Bxh4 Nxh4 25. Be6+ Kg7 26. Qxh4 c4 27. Qg5 Bd3
28. Rfe1 Qc5+ 29. Kh1 Rf2 30. Bg4 Be4 31. Bh3 Rh8 32. Qg3 Rh5 33. Rf1 Rxh3 34.
Qxf2 Qc8 35. Rae1 Qg4 36. Qf8+ Kh7 37. Rf7# 1-0

[Event "?"]
[Site "?"]
[Date "2011.06.03"]
[Round "3.45"]
[White "Stitterich, Nadine"]
[Black "Engelhardt, Frank"]
[Result "1-0"]
[WhiteElo "2015"]
[BlackElo "1917"]
[PlyCount "113"]
[EventDate "2011.??.??"]

1. e4 e5 2. Nf3 Nc6 3. Bb5 Nf6 4. O-O d6 5. Re1 Be7 6. c3 a6 7. Ba4 b5 8. Bc2
O-O 9. h3 Re8 10. d4 exd4 11. cxd4 h6 12. Nc3 Bf8 13. a4 b4 14. Nb1 a5 15. Bd3
Bd7 16. Nbd2 g6 17. b3 Bg7 18. Bb2 Nh5 19. Qc2 Nf4 20. Bf1 g5 21. Rac1 Ra7 22.
Rcd1 h5 23. Bb5 Nb8 24. Bxd7 Nxd7 25. Qc6 g4 26. hxg4 hxg4 27. Nh2 Nd3 28. Ndf1
Nxe1 29. Rxe1 Nf6 30. Ng3 Qa8 31. Qc2 c5 32. dxc5 Rc7 33. Bxf6 Bxf6 34. Nxg4
Bg7 35. Nh5 Rxc5 36. Nhf6+ Kf8 37. Nd7+ Kg8 38. Nxc5 Qc6 39. Rc1 dxc5 40. Qxc5
Qxe4 41. Qg5 Qg6 42. Qxg6 fxg6 43. Kf1 Bc3 44. Rd1 Re7 45. Ne3 Re5 46. Rd5 Kf7
47. Rxe5 Bxe5 48. Ke2 Ke6 49. Kd3 Bc7 50. Ke4 Bd8 51. f4 Bb6 52. Nc4 Bc7 53. g4
Kf6 54. Ne3 Bd8 55. g5+ Ke6 56. Ng4 Kd6 57. Ne5 1-0

[Event "?"]
[Site "?"]
[Date "2011.06.03"]
[Round "3.46"]
[White "Santos, Paulo"]
[Black "Schuster, Gerhard"]
[Result "0-1"]
[WhiteElo "1890"]
[BlackElo "2015"]
[PlyCount "74"]
[EventDate "2011.??.??"]

1. e4 c6 2. d4 d5 3. f3 e6 4. Nc3 Bb4 5. Bf4 Nf6 6. e5 Nfd7 7. Nge2 b6 8. a3
Be7 9. Be3 O-O 10. g3 c5 11. f4 Nc6 12. Bg2 Ba6 13. Qd2 Rc8 14. h4 Na5 15. b3
Nc6 16. h5 f6 17. exf6 Bxf6 18. Rc1 Qe7 19. a4 cxd4 20. Nxd4 Nxd4 21. Bxd4 Qb4
22. Bxf6 Nxf6 23. Ne2 Qc5 24. Nd4 Rfe8 25. b4 Qc3 26. Qxc3 Rxc3 27. Bf3 e5 28.
fxe5 Rxe5+ 29. Kf2 Ne4+ 30. Bxe4 dxe4 31. g4 e3+ 32. Ke1 Re4 33. Nf5 Rxb4 34.
Ne7+ Kf7 35. Nd5 Rxc2 36. Ra1 Re2+ 37. Kd1 Rd4+ 0-1

[Event "?"]
[Site "?"]
[Date "2011.06.03"]
[Round "3.47"]
[White "Feller, Florian"]
[Black "Rudhart, Michael"]
[Result "1-0"]
[WhiteElo "1986"]
[BlackElo "1905"]
[PlyCount "37"]
[EventDate "2011.??.??"]
[WhiteTeam "SGem Vaihingen-Rohr"]
[BlackTeam "SV Stuttgart-Wolfbusch 1956 e.V."]

1. e4 c5 2. Nf3 d6 3. d4 cxd4 4. Nxd4 Nf6 5. Nc3 g6 6. Be3 Bg7 7. f3 Nc6 8. Bc4
O-O 9. Qd2 Nxd4 10. Bxd4 Qc7 11. Bb3 a6 12. Bxf6 exf6 13. O-O-O Rd8 14. h4 h6
15. Nd5 Qc5 16. Qf4 f5 17. exf5 Bxf5 18. Ne7+ Kf8 19. Rd5 1-0

[Event "?"]
[Site "?"]
[Date "2011.06.03"]
[Round "3.48"]
[White "Körber, Thomas"]
[Black "Kean, Christopher"]
[Result "1/2-1/2"]
[WhiteElo "1961"]
[BlackElo "1791"]
[PlyCount "27"]
[EventDate "2011.??.??"]
[WhiteTeam "SF Fürth 1951 e.V."]
[BlackTeam "SC Leinfelden"]

1. Nf3 Nf6 2. d4 d5 3. e3 g6 4. Be2 Bg7 5. b3 O-O 6. O-O c5 7. Bb2 cxd4 8. exd4
Nc6 9. Nbd2 Ne4 10. c4 Nxd2 11. Qxd2 Bg4 12. c5 a5 13. a3 b6 14. Rfc1 1/2-1/2

[Event "?"]
[Site "?"]
[Date "2011.06.03"]
[Round "3.49"]
[White "Pietzka, Martin"]
[Black "Kaplunov, Vadym"]
[Result "0-1"]
[WhiteElo "1863"]
[BlackElo "1961"]
[PlyCount "102"]
[EventDate "2011.??.??"]

1. e4 c5 2. Nf3 d6 3. Bb5+ Bd7 4. Bxd7+ Qxd7 5. O-O e6 6. a4 Be7 7. Nc3 Nc6 8.
d4 cxd4 9. Nxd4 Bf6 10. Be3 Nge7 11. a5 O-O 12. f4 Rad8 13. Kh1 g6 14. Qd2 Bg7
15. Rfd1 Nxd4 16. Bxd4 Bxd4 17. Qxd4 Nc6 18. Qd2 a6 19. e5 d5 20. Ne4 Kg7 21.
Nf6 Qc7 22. Ra3 Rh8 23. Rh3 h6 24. b4 Ne7 25. Rc3 Nc6 26. Rb3 Rc8 27. Rd3 Ne7
28. c3 Qc4 29. Nd7 Qc7 30. Nc5 Nc6 31. Nb3 Qe7 32. Nc5 Nxa5 33. bxa5 Qxc5 34.
f5 gxf5 35. Rg3+ Kf8 36. Rh3 h5 37. Rd3 Qc7 38. Re1 Qxa5 39. h3 Qc7 40. Qg5 Qe7
41. Qe3 h4 42. Rb1 Rc7 43. Rb6 Kg7 44. Rd1 Rh6 45. Rdb1 Rg6 46. Qd2 Rg3 47.
R1b3 Qc5 48. Rxb7 Rxb7 49. Rxb7 Qxc3 50. Qf4 Qe1+ 51. Kh2 Qe2 0-1

[Event "?"]
[Site "?"]
[Date "2011.06.03"]
[Round "3.50"]
[White "Schaffert, Walter"]
[Black "Boyarchenko, Vlada"]
[Result "1/2-1/2"]
[WhiteElo "1944"]
[BlackElo "1674"]
[PlyCount "80"]
[EventDate "2011.??.??"]

1. e4 c5 2. Nf3 e6 3. d4 cxd4 4. Nxd4 a6 5. Nc3 Qc7 6. Be3 Bb4 7. Qd2 Nf6 8.
Bd3 d5 9. f3 e5 10. O-O exd4 11. Bxd4 Bc5 12. Bf2 dxe4 13. Rae1 O-O 14. fxe4
Ng4 15. e5 Nxf2 16. Rxf2 Bxf2+ 17. Qxf2 Nd7 18. Kh1 Nc5 19. Bxh7+ Kxh7 20. Qh4+
Kg8 21. Nd5 Qd7 22. Ne7+ Qxe7 23. Qxe7 Ne6 24. c4 Rd8 25. Rf1 Rf8 26. c5 a5 27.
h4 Ra6 28. h5 Kh7 29. g4 Rc6 30. Rxf7 Rxf7 31. Qxf7 Rxc5 32. Qg6+ Kh8 33. Qe8+
Kh7 34. g5 Rc1+ 35. Kh2 Rc2+ 36. Kg3 Rc1 37. Qg6+ Kh8 38. Qf7 Nxg5 39. Qf4 Rg1+
40. Kh2 Kh7 1/2-1/2

[Event "?"]
[Site "?"]
[Date "2011.06.03"]
[Round "4.1"]
[White "Korneev, Oleg"]
[Black "Lobzhanidze, Davit"]
[Result "1-0"]
[WhiteElo "2573"]
[BlackElo "2474"]
[PlyCount "97"]
[EventDate "2011.??.??"]
[BlackTeam "SV 1920 Hofheim"]

1. e4 e5 2. Nf3 Nc6 3. Bb5 a6 4. Ba4 Nf6 5. O-O Be7 6. Re1 b5 7. Bb3 d6 8. c3
O-O 9. h3 Nb8 10. d4 Nbd7 11. Nbd2 Bb7 12. Bc2 Re8 13. Nf1 Bf8 14. Ng3 g6 15.
b3 Bg7 16. d5 Rc8 17. c4 c6 18. Bd2 Qc7 19. Bd3 bxc4 20. bxc4 Nc5 21. Bf1 a5
22. Rb1 Ba6 23. Qc1 cxd5 24. cxd5 Bxf1 25. Kxf1 Qa7 26. Qa3 a4 27. Kg1 Rb8 28.
Bb4 Nfd7 29. Qe3 Qa6 30. Red1 Qb6 31. Nd2 Na6 32. Qxb6 Rxb6 33. Ba3 Rxb1 34.
Rxb1 Nac5 35. Nc4 Bf8 36. f3 Rc8 37. Na5 Bh6 38. Nc6 Rc7 39. Kf2 Bg5 40. Ke2
Rb7 41. Rxb7 Nxb7 42. Kd3 Kf8 43. Ne2 Ke8 44. Nc3 Nb6 45. Nb5 Nc8 46. Kc4 Nb6+
47. Kc3 Nc8 48. Kb4 Nb6 49. Nc3 1-0

[Event "?"]
[Site "?"]
[Date "2011.06.03"]
[Round "4.2"]
[White "Dobosz, Henryk"]
[Black "Ikonnikov, Viacheslav"]
[Result "1/2-1/2"]
[WhiteElo "2396"]
[BlackElo "2557"]
[PlyCount "25"]
[EventDate "2011.??.??"]
[WhiteTeam "BG Buchen"]
[BlackTeam "SK 1879 HD-Handschuhsheim"]

1. d4 Nf6 2. c4 e6 3. Nc3 Bb4 4. e3 d6 5. Bd2 O-O 6. Bd3 c5 7. a3 Ba5 8. Nge2
Nc6 9. O-O cxd4 10. Nxd4 e5 11. Nde2 Be6 12. e4 Rc8 13. Rc1 1/2-1/2

[Event "?"]
[Site "?"]
[Date "2011.06.03"]
[Round "4.3"]
[White "Häcker, Alexander"]
[Black "Ovsejevitsch, Sergei"]
[Result "0-1"]
[WhiteElo "2249"]
[BlackElo "2585"]
[PlyCount "98"]
[EventDate "2011.??.??"]
[WhiteTeam "SV Stuttgart-Wolfbusch 1956 e.V."]
[BlackTeam "SK Gau-Algesheim"]

1. e4 e5 2. Nf3 Nc6 3. Bb5 a6 4. Ba4 Nf6 5. O-O b5 6. Bb3 Bb7 7. d3 Be7 8. Nc3
d6 9. a3 O-O 10. Re1 Qd7 11. Nd5 Nxd5 12. Bxd5 Nd8 13. d4 exd4 14. Nxd4 Bf6 15.
c3 Re8 16. Nf5 Bxd5 17. exd5 Nb7 18. Rxe8+ Rxe8 19. Ne3 Nc5 20. Bd2 Bg5 21. Qc2
Ne4 22. Re1 h5 23. Bc1 Nf6 24. Rd1 Re4 25. Nf1 Bxc1 26. Qxc1 h4 27. Rd4 Qe7 28.
Ne3 h3 29. b3 hxg2 30. Rxe4 Nxe4 31. Qc2 Qe5 32. c4 bxc4 33. bxc4 Qf4 34. Qe2
g6 35. Kxg2 Nf6 36. Qf3 Qd4 37. Qh3 Kg7 38. Qc8 Qe4+ 39. Kg1 Qf3 40. Qb7 Ne4
41. Qb2+ Kh7 42. h4 Qh5 43. Kg2 Qxh4 44. Qe2 Qg5+ 45. Kf1 Qf4 46. Kg2 Qg5+ 47.
Kf1 Kg7 48. Ke1 Qf6 49. f3 Qh4+ 0-1

[Event "?"]
[Site "?"]
[Date "2011.06.03"]
[Round "4.4"]
[White "Teske, Henrik"]
[Black "Dudek, Richard"]
[Result "1-0"]
[WhiteElo "2534"]
[BlackElo "2238"]
[PlyCount "153"]
[EventDate "2011.??.??"]
[WhiteTeam "SC 1950 Remagen"]
[BlackTeam "SC Eppingen"]

1. Nf3 Nf6 2. c4 b6 3. g3 Bb7 4. Bg2 e6 5. O-O Be7 6. d4 O-O 7. Nc3 Ne4 8. Nxe4
Bxe4 9. Bf4 d6 10. Rc1 c5 11. d5 e5 12. Bd2 Bxf3 13. Bxf3 Bg5 14. e3 f5 15. Bg2
Nd7 16. a3 f4 17. Qg4 fxe3 18. fxe3 Rxf1+ 19. Rxf1 Nf8 20. b4 Bh6 21. Be4 Qg5
22. Qh3 Re8 23. Kg2 Qe7 24. Qh5 Rd8 25. Bf5 Bg5 26. Qf3 g6 27. Bh3 Kg7 28. bxc5
bxc5 29. Rb1 Qc7 30. Be6 Re8 31. Ba5 Qe7 32. Bh3 h5 33. e4 Nh7 34. Qb3 Nf6 35.
Qc2 Rf8 36. Qe2 Nh7 37. Be6 Bh6 38. h4 Nf6 39. Rb3 Kh8 40. Be1 Ne8 41. Bc8 Ng7
42. Rb7 Qf6 43. Bh3 Rf7 44. Rb8+ Rf8 45. Qb2 Qf3+ 46. Kh2 Ne8 47. Bg2 Qe3 48.
Qc3 Qxc3 49. Bxc3 Nf6 50. Rxf8+ Bxf8 51. Ba5 Kg7 52. Kg1 Kf7 53. Kf2 Bh6 54.
Ke2 Ke7 55. Kd3 Bc1 56. a4 Ng4 57. Be1 Bh6 58. Bh3 Bc1 59. Bf1 Bh6 60. Be2 Bc1
61. Bd1 Bh6 62. a5 Bc1 63. Ba4 Be3 64. Ke2 Bc1 65. a6 Nf6 66. Kd3 Kd8 67. Ba5+
Kc8 68. Bc6 Nd7 69. Bxd7+ Kxd7 70. Bb6 Ba3 71. Bxa7 Kc7 72. Kc2 Bb4 73. Kb3 Ba5
74. Ka4 Bb6 75. Bxb6+ Kxb6 76. a7 Kxa7 77. Ka5 1-0